[Event "ISR-ch op"]
[Site "Ramat Aviv"]
[Date "1999.04.05"]
[Round "6"]
[White "Huzman, Alexander"]
[Black "Tsesarsky, Ilya"]
[Result "1-0"]
[WhiteElo "2575"]
[BlackElo "2430"]
[Annotator "Tsesarsky,I"]
[PlyCount "83"]
[EventDate "1999.03.28"]
[EventType "swiss"]
[EventRounds "9"]
[EventCountry "ISR"]
[SourceTitle "CBM 070"]
[Source "ChessBase"]
[SourceDate "1999.06.08"]
[SourceVersion "1"]
[SourceVersionDate "1999.06.08"]
[SourceQuality "1"]

{[%mdl 8]} 1. Nf3 Nf6 2. c4 e6 3. Nc3 c5 4. d4 cxd4 5. Nxd4 Nc6 6. g3 Qb6 7.
Nb3 Ne5 8. e4 Bb4 9. Qe2 d6 10. Bd2 a5 $1 $11 {This move is stronger than 10...
0-0 and 10...Bd7. Theoretical discussion in this variation is over.} (10... Bd7
11. f4 Ng6 12. Bg2 (12. O-O-O O-O 13. Bg2 Rfc8 14. Kb1 a5 15. Be3 Qa6 16. Nb5
d5 17. exd5 exd5 18. Bxd5 Bf5+ 19. Ka1 Bg4 (19... Nxd5 20. cxd5 a4 21. N3d4 {
1/2-1/2 Iskusnyh,S-Sargissian,G/Novgorod RUS 1999 (21)} Be4 $15) 20. Bf3 Bxf3
21. Qxf3 Rxc4 22. N3d4 Rc5 23. a4 Rac8 $15 {[%csl Ra1]}) 12... Bc6 13. O-O-O (
13. Rd1 $5) 13... O-O 14. Kb1 a5 (14... Rac8 15. Be1 $6 (15. h4 $1 $40) 15...
Bxc3 $5 (15... a5 16. h4 a4 17. Nd4 $14) 16. Bxc3 Ba4 $132 {1-0 Smirin,
I-Maryasin,B/Givatayim 1998/CBM 65/[Tsesarsky] (52)}) 15. Be3 Qc7 16. Nb5 Bxb5
17. cxb5 a4 18. Nd4 a3 19. b6 Qe7 20. Nc2 d5 21. Qb5 Ng4 22. Bd4 Bd6 23. e5 $18
{0-1 Kortschnoj,V-Anand,V/Paris Immopar (8f/2) 1991 (56)}) (10... O-O 11. O-O-O
(11. Rc1 a5 (11... d5 12. c5 Qd8 13. a3 dxe4 14. Nxe4 (14. axb4 Nd3+ 15. Kd1 e5
16. h3 Be6 17. Na1 Qd4 $44) 14... Bxd2+ 15. Nbxd2 Bd7 16. f4 Nxe4 17. Nxe4 Nc6
18. Bg2 e5 19. O-O exf4 20. gxf4 Nd4 $132 {1/2-1/2 Romero Holmes,A-Izeta,F/
ch-ESP Team, Ampuriabrava ESP 1997 (46)}) (11... Bd7 12. f4 Nc6 13. Bg2 e5 14.
a3 $2 Bxa3 15. bxa3 Qxb3 16. Rb1 Qxa3 17. Nb5 Qc5 $19 {0-1 Dienz,O-Koehler,R/
Wiesbaden GER 1992 (40)}) 12. f4 Nc6 13. Be3 Qc7 14. Nd2 (14. Bg2 a4 15. Nd2 a3
16. b3 Bxc3 17. Rxc3 Nb4 18. Nb1 $132) 14... b6 15. Bg2 Ba6 16. Nb5 Qd7 17. O-O
(17. Bxb6 Rab8 18. Be3 d5 19. e5 dxc4 $132) 17... Rab8 18. Rfd1 $14 {1/2-1/2
Timman,J-Gulko,B/Riga 1995/Inf 63 (27)} (18. Rcd1 Bxb5 19. cxb5 Ne7 20. a4 $11)
) (11. Bg2 a6 12. f4 Nc6 13. O-O-O d5 14. e5 dxc4 15. Qxc4 Bxc3 16. Qxc3 Nd5
17. Qc5 Qxc5+ 18. Nxc5 Nce7 19. Kb1 a5 20. Rc1 b6 21. Ne4 $14 {1-0 Mellado,
J-Gil Gonzales,J/Catalunia-chT ,EXT 1995 (76)}) (11. f4 Nc6 12. O-O-O (12. Bg2
e5 13. f5 Nd4 14. Nxd4 exd4 15. Nb5 Bxd2+ 16. Qxd2 d5 17. Qxd4 Qxd4 18. Nxd4
dxe4 $11 {Pogorelov,R-Kolev,A/Zaragoza op 1996/1/2-1/2 (52)}) 12... e5 13. f5 (
13. Nd5 Nxd5 14. cxd5 Bxd2+ 15. Qxd2 Nb4 16. Kb1 Bd7 17. a3 Na6 18. Na5 Nc5
$132 {0-1 Lautier,J-Lutz,C/Baden-Baden 1992 (49)}) 13... Nd4 (13... a5 14. Be3
Qa6 15. Nb5 a4 16. Nc7 axb3 17. Nxa6 bxa2 18. Kc2 Rxa6 19. Bg2 Bc5 $15) 14.
Nxd4 exd4 15. Nd5 Nxd5 16. cxd5 Re8 $15 {1/2-1/2 Wittmann,W-Erdelyi,T/Austria
tt2S 1993 (32)}) 11... a5 (11... Nc6 12. Bg2 (12. g4 $6 Nd7 13. Be3 Nc5 14.
Nxc5 dxc5 15. Na4 Qa6 16. Qc2 Nd4 (16... e5 $15) 17. Bxd4 cxd4 18. Rxd4 e5 19.
Rd5 Bxg4 20. Kb1 Rac8 $15 {1-0 Gschnitzer,O-Horvath,J/Dornbirn ,EXT 1990 (28)})
12... a5 13. Be3 Qc7 14. Nb5 Qe7 15. a3 a4 16. N3d4 Bc5 17. Nxc6 Bxe3+ 18. Qxe3
bxc6 19. Nxd6 $16 {1-0 Filippov,V-Notkin,M/Russian Club Cup, Maikop RUS 1998 
(33)}) (11... a6 12. f4 Nc6 13. g4 $2 d5 14. exd5 exd5 15. g5 Bxc3 16. Bxc3 Bg4
(16... Re8 17. Qg2 Ne4 18. cxd5 Nxc3 19. bxc3 Qe3+ 20. Kb2 $16) 17. Qg2 Qe3+
18. Nd2 Ne4 $17 {0-1 Bartos-Skala/cr ch CZE 1991 (21)}) (11... Bd7 12. f4 Ng6
13. Bg2 Bc6 14. Rhf1 Rac8 15. g4 d5 16. Kb1 dxc4 17. Nd4 Qxd4 18. Be3 Nxf4 19.
Rxf4 Qe5 20. g5 Qxg5 21. Qf2 Bxc3 22. bxc3 Ng4 $19 {0-1 Agrest,E-Wedberg,T/
Harplinge SWE 1998 (29)}) 12. f4 Nc6 $5 (12... a4 13. fxe5 axb3 14. a3 (14.
exf6 bxa2 15. Nxa2 Rxa2 $15) 14... dxe5 $5 (14... Bxc3 $6 15. Bxc3 dxe5 16.
Bxe5 $14 Qc6 (16... Rd8 17. Bg2 Nd7 18. Bc3 e5 19. Rd5 Qc7 20. Qd1 Qxc4 21. Bf1
Qxe4 22. Bb5 b6 23. Re1 Qg6 24. Rexe5 $44 {1/2-1/2 Nikcevic,N-Lesiege,A/
Gonfreville FRA 1999 (49)}) 17. Bxf6 $5 gxf6 18. Qg4+ Kh8 19. Qf3 e5 (19... f5
20. Qxb3 $14) 20. Rd5 $14 {1-0 Ivanchuk,V-Khalifman,A/Elista 1998/CBM 65/ (48)}
) 15. axb4 Ra1+ 16. Nb1 Qa7 17. Bc3 Qa2 18. Qd3 Nxe4 19. Qxe4 f5 20. Qd3 e4 $19
) 13. Be3 Qa6 14. Nb5 a4 15. Nd2 (15. Nc7 axb3 16. Nxa6 bxa2 17. Kc2 Rxa6 18.
Bg2 e5 19. f5 Bc5 $17 {0-1 Gleizerov,E-Dvoirys Semen I/Cheliabinsk RUS 1990 
(24)}) 15... a3 16. b3 Qa5 17. Bg2 e5 18. f5 Bd7 19. g4 Rfc8 20. g5 Ne8 $132 {
1-0 Tukmakov,V-Berelovich,A/Donetsk UKR 1998 (38)}) 11. f4 (11. Nb5 Bxd2+ (
11... Bd7 12. Bxb4 (12. f4 Ng6 13. Bxb4 axb4 (13... Bxb5 14. Ba3 $14) 14. Nxd6+
Qxd6 15. e5 Qe7 16. exf6 Qxf6 17. Bg2 Bc6 $11) 12... axb4 13. f4 Ng6 $11) 12.
Nxd2 (12. Kxd2 a4 13. N3d4 $15) 12... Bd7 13. f4 Ng6 14. e5 (14. Nxd6+ Qxd6 15.
e5 Qb4 16. exf6 gxf6 (16... Bc6 17. fxg7 Rg8 18. Bg2 $14) 17. O-O-O Ba4 $1 $11)
14... dxe5 15. fxe5 Bxb5 16. cxb5 (16. exf6 Bc6 17. fxg7 Rg8 $17) 16... Nd7 17.
Nc4 Qc5 18. Nd6+ Ke7 $15) 11... Nc6 (11... Ng6 $5 12. Bg2 a4 13. Nb5 Bxd2+ 14.
Nxd2 Bd7 15. e5 Bxb5 16. cxb5 dxe5 17. Nc4 Qc5 (17... Qc7 18. Bxb7 Rd8 19. Bc6+
Nd7 20. fxe5 $16) 18. Bxb7 Rd8 19. Bc6+ Nd7 20. Nxe5 Ngxe5 21. Qxe5 Qxe5+ 22.
fxe5 Ke7 $44 {[%csl Re5]}) 12. Na4 $1 (12. Be3 Qc7 13. Bd2 a4 14. Nb5 Qb6 15.
Bxb4 Nxb4 16. N3d4 e5 17. Nf3 Bg4 18. Bg2 O-O 19. Rd1 (19. f5 d5 20. cxd5 Nbxd5
21. exd5 e4 $17) 19... exf4 20. gxf4 Nxe4 $17) (12. O-O-O a4 13. Be3 Qd8 14.
Nd2 (14. Nd4 a3 $1 (14... Bxc3 $6 15. bxc3 Nxe4 16. Nb5 Qa5 (16... Ra5 17. Qc2
f5 (17... d5 18. cxd5 exd5 19. Rxd5 $16) 18. Nxd6+ (18. Bg2 d5 19. cxd5 Rxb5
20. Bxe4 fxe4 21. dxc6 Qe7 22. Qxa4 bxc6 $132) 18... Nxd6 19. c5 $14) 17. Qc2
f5 18. Bg2 d5 19. Bxe4 fxe4 20. Bc5 $14) 15. Ndb5 axb2+ 16. Qxb2 Qa5 17. Nb1
O-O 18. a3 Bc5 19. Bxc5 dxc5 20. e5 Nd7 $132 {[%cal Gd7b6,Gb6a4]} (20... Ng4
21. Qe2 Nh6 22. Bg2 Nf5 $11)) 14... a3 15. Ndb1 axb2+ 16. Qxb2 Ng4 (16... Qe7
17. a3 Bxc3 18. Nxc3 d5 $1 $36 (18... O-O 19. Rd3 (19. Be2 Bd7 (19... d5 $6 20.
e5 Nd7 21. cxd5 exd5 22. a4 (22. Nxd5 Qxa3 23. Qxa3 Rxa3 24. Kb2 Ra5 25. Rd2
Nc5 26. Bxc5 (26. Rhd1 Na4+ 27. Kb3 Be6 $15) 26... Rxc5 27. Rhd1 $14) 22... Nb4
$132) 20. Rd2 Rfc8 21. Rhd1 d5 22. e5 Ne8 23. cxd5 exd5 24. Rxd5 Nb8 25. Bf3
Rxa3 26. R1d3 b5 (26... Be6 27. Rc5 Rxc5 (27... Rb3 28. Rxc8 Rxb2 29. Rxb8 Rb3
30. Bc5 Rxc3+ 31. Rxc3 Qd7 32. Rxb7 $16) 28. Qxa3 Rc7 29. Qxe7 Rxe7 30. Rd8 $16
) (26... Ra4 $15) 27. Bc5 $16) 19... e5 20. Bg2 Be6 21. Nd5 Bxd5 22. cxd5 Na5
23. Rc3 exf4 $17)) 17. Bg1 Qa5 18. Be2 Nf6 19. Nb5 O-O (19... Nxe4 20. Qxg7 Rf8
21. a3 $18) 20. a3 Bc5 21. Bxc5 dxc5 22. e5 Nd7 $132 (22... Ne8)) 12... Bxd2+
13. Qxd2 Qb4 14. Qxb4 Nxb4 15. Rd1 $1 Nxe4 $2 $16 (15... Ke7 $1 16. a3 Nc6 17.
Nb6 Ra7 18. Bg2 a4 19. Nd4 Nxd4 20. Rxd4 e5 $11) (15... Nxa2 16. Rxd6 (16. Nb6
Rb8 17. Nxa5 Nxe4 18. Bg2 Nc5 19. Rxd6 Ke7 20. Rd2 Rd8 21. Rxd8 Kxd8 $11) 16...
Nxe4 17. Rd4 Nf6 18. Nb6 Rb8 19. Nxa5 $14) 16. Bg2 Nc5 (16... d5 17. Nb6 $16)
17. Nbxc5 dxc5 18. a3 Nc6 (18... Na6 19. Nb6 Rb8 20. Nxc8 Rxc8 21. Bxb7 $18) (
18... Nc2+ 19. Kf2 Ra7 20. Nxc5 b6 21. Na4 $18 {[%csl Rc2]}) 19. Nxc5 Ke7 (
19... a4 20. Bxc6+ bxc6 21. Kd2 (21. Rd6 Ke7 22. Rxc6 Rb8 23. Kd2 (23. Nd3 Rb3
$17) 23... Rxb2+ 24. Kc3 Ra2 25. Kb4 Rb2+ 26. Ka5 Bd7 27. Ra6 Rc8 28. Nxd7 Kxd7
29. Rd1+ Ke8 30. Rc1 Rxh2 31. Kxa4 h5 32. Kb5 $16) 21... Ra5 22. Ne4 Ke7 23.
Kc3 c5 24. Rhe1 Bb7 25. Nd6 Bf3 26. Rd3 Rb8 27. Kc2 Bg4 $11) 20. b3 Rd8 21. Kf2
Rb8 (21... Rxd1 22. Rxd1 Nd8 23. Na4 Ra6 (23... Rb8 24. Nb6 $16) 24. c5 Ra8 25.
Nb6 Rb8 26. Ke3 $16) 22. Bxc6 bxc6 23. Ke3 Rd6 24. Rd4 Rxd4 25. Kxd4 Bd7 (25...
f6 26. Re1 Kd6 27. Re3 h6 28. Ne4+ Kc7 29. Kc5 Bd7 30. b4 (30. Nd6) 30... axb4
31. axb4 Ra8 32. Nd2 Ra2 33. Nf3 g5 34. Nd4 Rxh2 35. Nxe6+ $16) 26. Kc3 Be8 (
26... f6 27. Re1 Kd6 28. Rd1+ Kxc5 29. Rxd7 $16) 27. Re1 Ra8 28. Re5 Ra7 29. a4
Bd7 30. Re2 h6 $2 $18 (30... Ra8 $1 31. Rd2 Bc8 32. b4 axb4+ 33. Kxb4 Rb8+ 34.
Kc3 (34. Ka5 f6 35. h4 e5 $132) 34... Rb1 35. Rb2 (35. a5 Ra1 36. Nb3 Ra4 37.
c5 Ba6 38. Rd4 Ra2 $14) 35... Rxb2 36. Kxb2 f6 37. Kc3 e5 38. fxe5 fxe5 39. a5
Kd6 40. Kb4 Kc7 41. h4 h5 42. Nb3 Kd6 43. Nd2 Kc7 44. Kc5 Bg4 45. a6 Bc8 46. a7
Kb7 47. a8=Q+ Kxa8 48. Kxc6 $16) 31. b4 axb4+ 32. Kxb4 Bc8 33. a5 Ra8 34. Na4
Ba6 35. Rd2 g5 36. Nb6 Ra7 37. Kc5 gxf4 38. gxf4 Rc7 39. Rg2 Kf6 40. Rg8 Ra7
41. Ra8 Rxa8 42. Nxa8 1-0

[Event "Dov Porath Memorial"]
[Site "Givataim"]
[Date "1998.05.11"]
[Round "1"]
[White "Smirin, Ilia"]
[Black "Maryasin, Boris Feliksovich"]
[Result "1-0"]
[WhiteElo "2590"]
[BlackElo "2350"]
[Annotator "Tsesarsky,I"]
[PlyCount "103"]
[EventDate "1998.05.10"]
[EventType "swiss"]
[EventRounds "7"]
[EventCountry "ISR"]
[SourceTitle "CBM 065"]
[Source "ChessBase"]
[SourceDate "1998.08.06"]
[SourceVersion "1"]
[SourceVersionDate "1998.08.06"]
[SourceQuality "1"]

1. c4 c5 2. Nf3 Nc6 3. d4 cxd4 4. Nxd4 Nf6 5. Nc3 e6 6. g3 Qb6 7. Nb3 Ne5 8. e4
Bb4 9. Qe2 d6 10. Bd2 (10. Bg2 $2 Qc7 $1 11. Bd2 Qxc4 $17 {0-1 Jeras,S-Farago,
I/Bled op 1992 (58)}) (10. f4 Nc6 (10... Bxc3+ 11. bxc3 Nc6 12. Ba3 Na5 13.
Nxa5 Qxa5 14. Bb4 Qa6 15. Rd1 O-O 16. Rxd6 b6 17. e5 Bb7 18. exf6 Bxh1 19. Qg4
g6 20. Qg5 Kh8 21. Qh6 Rg8 22. Rd7 $18 {1-0 Garcia Ilundain,D-Rojo,G/ESP-chT
1994 (26)}) (10... Ng6 11. Bg2 O-O 12. Be3 Bxc3+ 13. bxc3 Qc7 14. O-O Bd7 15.
c5 d5 16. e5 Ne4 17. Bd4 f5 18. exf6 Nxf6 19. c4 $14 {1-0 Kholmov,R-Razuvaev,Y/
USSR 1971 (36)}) (10... Ned7 11. Bd2 O-O 12. Bg2 a6 13. Rc1 Rb8 14. g4 Nc5 15.
Nxc5 Qxc5 16. g5 Nd7 17. a3 Bxc3 18. Rxc3 b6 19. b4 Qc7 20. O-O $14 {1-0 Bukic,
E-Tringov,G/Istanbul 1975 (43)}) 11. Be3 (11. Bg2 e5 12. Bd2 O-O 13. f5 Bd7 (
13... Nd4 14. Na4 $6 (14. Qd1 Bd7 {/\ Rac8=/+}) 14... Bxd2+ 15. Qxd2 Qa6 16.
Nxd4 $8 Qxc4 $1 $15 {1/2-1/2 Greenfeld,A-Tolnai,T/Budapest 1989 (43)}) 14. Qd3
Nd4 15. Rd1 Bc6 16. Rf1 Nxb3 17. axb3 $15 {1/2-1/2 Karpov,A-Gulko,B/Linares
1989 (24)}) 11... Bxc3+ 12. bxc3 Qc7 13. Bg2 O-O 14. c5 dxc5 15. Bxc5 Rd8 16.
O-O (16. e5 Na5 $1 17. Qb5 Nxb3 18. axb3 Bd7 $10 {Azmayparashvili,Z-Arnason,J
Reykjavik op 1990 EXP/18}) 16... e5 17. fxe5 Nxe5 18. Bd4 Be6 19. Qe3 Nfd7 $10
{Drasko,M-Fette,M Budapest Autoteam 1991 EXP/26}) 10... Bd7 (10... O-O 11.
O-O-O a5 12. f4 {Adamski,J 2435-Maciejewski,M 2320, Polska (ch) 1989} Nc6 $5
13. Be3 Qc7 14. Nb5 $13 {Adamski,J}) 11. f4 Ng6 12. Bg2 Bc6 13. O-O-O (13. Rd1
$5) 13... O-O 14. Kb1 Rac8 $146 (14... a5 15. Be3 Qc7 16. Nb5 Bxb5 17. cxb5 a4
18. Nd4 a3 19. b6 Qe7 20. Nc2 d5 21. Qb5 Ng4 22. Bd4 Bd6 23. e5 $18 {
Kortschnoj,V-Anand,V/Paris Immopar 1991/0-1 (56)}) 15. Be1 $6 (15. h4 $1 $40)
15... Bxc3 $5 (15... a5 16. h4 a4 17. Nd4 $14) 16. Bxc3 Ba4 $132 17. h4 (17.
Bxf6 gxf6 (17... Bxb3 18. axb3 gxf6 19. Qd3 $14) 18. Qd3 Rfd8 $11) 17... Bxb3
18. axb3 Qxb3 19. h5 Rxc4 (19... Ne7 20. h6 Qxc4 21. Qxc4 Rxc4 22. Rxd6 (22.
hxg7 Kxg7 23. Rxd6 (23. g4 $6 Rxc3 24. bxc3 d5 $15) 23... Rfc8 24. Bxf6+ Kxf6
25. e5+ Kg7 26. Bxb7 $14) 22... Rc7 23. hxg7 Kxg7 24. g4 $16) 20. Rd3 (20. hxg6
Rxc3 21. gxh7+ Kh8 22. Rxd6 Rfc8 $15) 20... Ra4 $1 (20... Nxh5 21. Qxh5 h6 22.
Qd1 $16) 21. hxg6 Rc8 (21... fxg6 22. Rxd6 Qa2+ 23. Kc1 Rc8 24. Rd3 $16) 22.
gxh7+ Kh8 23. Kc1 (23. e5 $2 Qa2+ 24. Kc1 Nd5 25. Bxd5 exd5 26. Qf3 (26. Rhd1
d4 $17) 26... Qb3 27. exd6 Ra2 $17) 23... b5 $1 (23... Ra1+ 24. Kd2 Rxc3 25.
Rxc3 Qxb2+ 26. Kd3 Qb5+ 27. Ke3 Qb6+ 28. Kf3 Rxh1 29. Bxh1 Qb1 30. Bg2 Kxh7 31.
Qd3 $18) (23... d5 24. Qc2 Ra1+ (24... Qxc2+ 25. Kxc2 d4 26. e5 Nd5 27. Kb3 $18
) 25. Kd2 Qxc2+ 26. Kxc2 Rxh1 27. Bxh1 dxe4 28. Re3 Kxh7 29. Bxe4+ $18) 24. Qc2
$8 Ra1+ 25. Kd2 Qxc2+ 26. Kxc2 Rxh1 27. Bxh1 b4 $11 28. Rxd6 bxc3 29. bxc3 {[#]
} Rc7 (29... Kxh7 30. Bf3 (30. e5 Nh5 31. Be4+ (31. Rd3 g5 32. fxg5 Kg6 33. g4
Nf4 34. Rd7 a5 35. Be4+ Kxg5 36. Rxf7 Kxg4 $11) 31... Kh6 32. Bd3 Nxg3 33. f5
Kg5 34. fxe6 fxe6 35. Rxe6 Kf4 $11) 30... Rc7 31. e5 Nd7 $11) 30. e5 Nh5 31.
Be4 g6 32. Rd3 Kxh7 33. Kb3 a5 34. c4 Kh6 (34... f6 35. Rf3 (35. exf6 Nxf6 36.
Bf3 Kg7 37. Rd6 Kf7 38. Ra6 Rc5 39. Ra7+ Kf8 40. Kc3 e5 $11) 35... fxe5 36.
fxe5 Rc5 37. g4 Rxe5 38. Bc2 Ng7 39. Rh3+ Kg8 40. Bxg6 Rg5 $11) 35. Rc3 Rc5 $6
$14 (35... g5 36. Rf3 f6 $11) 36. Rf3 g5 37. Kc3 f5 (37... f6 38. g4 $1 (38.
Kd4 Rc7 $11) 38... Nxf4 39. exf6 Rc8 40. Rf2 Ng6 41. Rh2+ Nh4 42. Kd4 $16) (
37... gxf4 38. gxf4 f5 39. Bc2 Kg6 40. Kd4 Rc8 41. c5 Kf7 42. Ba4 Ke7 43. c6
$16) 38. Bc2 Rc7 (38... gxf4 39. gxf4 Kg6 40. Kd4 $16) 39. Ba4 Ng7 40. Kd4 Kh5
41. Rc3 (41. Rf1 Kg4 42. c5 Kxg3 43. fxg5 f4 44. c6 f3 45. Kc5 Ne8 46. g6 f2
47. Bb5 Rg7 48. Bd3 Nc7 $11) 41... Rc8 $4 (41... Kg4 $1 42. fxg5 (42. Bd1+ Kh3
43. Be2 (43. g4+ $2 Kh4 $17) 43... g4 44. c5 Nh5 45. Bc4 (45. Ra3 Kg2 46. Bc4
Rc6 (46... Nxg3 $2 47. Bxe6 Kf2 48. Kd5 $16) 47. Bb5 Rc7 48. Bc4 $11) 45... Rc6
46. Bb5 Rc7 47. Bc4 $11) 42... f4 $1 43. gxf4 (43. Bd1+ Kf5 (43... Kxg5 44. Ke4
fxg3 45. Rxg3+ Kh4 46. Rg4+ Kh3 $11) 44. Bc2+ Kxg5 45. Ke4 fxg3 46. Rxg3+ Kh4
47. Rc3 Nf5 $11) 43... Kxf4 44. c5 Nf5+ 45. Kd3 Kxe5 46. c6 (46. Kc4 Nd6+)
46... Ne7 $11) 42. c5 $18 Rd8+ (42... gxf4 43. gxf4 Kg4 44. Ke3 Rh8 (44... Nh5
45. c6 Rc7 46. Bd1+ Kh4 $18) 45. Bd1+ Kg3 46. c6 Rc8 47. Bb3 Rc7 48. Rc1 $22
Nh5 49. Bxe6 Nxf4 50. Bxf5 Nd5+ 51. Ke4 Ne7 52. Rc3+ Kh4 53. Bd7 Kg5 54. Rg3+
Kh6 55. e6 $18) (42... Kg4 43. Bd1+ Kh3 44. c6 Ne8 45. Kc5 $18) 43. Ke3 Ne8 44.
Bxe8+ Rxe8 45. c6 Kg4 46. fxg5 Kxg5 47. Rc4 Rc8 48. Kd3 Kg6 (48... Rc7 49. Kc3
Rc8 (49... Kg6 50. Kd4 $18) 50. Kb3 $18) 49. Kd4 Kf7 50. Kc5 Ke7 51. Kb6 a4 52.
Kb7 1-0

[Event "Dubai op 18th"]
[Site "Dubai"]
[Date "2016.04.19"]
[Round "9"]
[White "Yilmaz, Mustafa"]
[Black "Vidit, Santosh Gujrathi"]
[Result "0-1"]
[WhiteElo "2594"]
[BlackElo "2648"]
[Annotator "Vidit,S"]
[PlyCount "130"]
[EventDate "2016.04.11"]
[EventType "swiss"]
[EventRounds "9"]
[EventCountry "UAE"]
[SourceTitle "CBM 172"]
[Source "ChessBase"]
[SourceDate "2016.05.12"]
[SourceVersion "1"]
[SourceVersionDate "2016.05.12"]
[SourceQuality "1"]

{Before this game I had 6/8 and I needed a win to score a decent place. The
good thing about Dubai open was that even the final round began at 17:30! So
unlike the last rounds in other opens I felt quite fresh and ready to fight!} 
1. Nf3 Nf6 2. c4 c5 3. d4 cxd4 4. Nxd4 e6 5. Nc3 Nc6 6. a3 Bc5 7. Nb3 Bb6 {
A relatively new move in the a3 system. The direct approach was pioneered by
Sutovsky. This move prepares for direct confrontation in the centre with d5.} (
7... Be7 8. e4 O-O 9. Be2 b6 10. O-O {was the way the games used to go
previously here.}) 8. Bf4 (8. c5 {was tried by Laznicka, impeding Black's
d5-break} Bc7 9. Bg5 b6 10. e3 h6 (10... bxc5 11. Nxc5 Be5 12. Rc1 Qa5 13. Bxf6
Bxf6 (13... gxf6) 14. N5e4 Rb8) 11. Bh4 Be5 12. Rc1 Rb8 $132) (8. e4 {doesn't
exactly prevent ...d5.} O-O (8... d5 {is also possible} 9. exd5 exd5 10. c5 (
10. cxd5 Ng4 11. Be3 Nxe3 12. fxe3 Ne5 13. Bb5+ Bd7 14. Qh5 O-O 15. Bxd7 Nxd7
16. O-O-O Bxe3+ 17. Kb1 $132) 10... Bc7 11. Be2 O-O 12. Be3 Be5 $11 {1/2-1/2 
(41) Kovalyov,A (2616)-Caruana,F (2808) Baku 2015}) 9. Be2 d5 10. cxd5 exd5 11.
exd5 Ne7 12. Bf3 Nexd5 $1 13. Nxd5 Nxd5 14. Qxd5 Qe8+ 15. Be2 Bg4 16. Be3 Bxe2
17. Kxe2 Rd8 $11) 8... d5 9. e3 O-O 10. Be2 h6 {A useful move to get in. I can
sometimes go e5-d4 without fearing Bg5.} 11. Bg3 dxc4 12. Bxc4 Bd7 {Black has
emerged out of the opening phase with no problems. But the nature of the
position got me worried. It was the last round and I had to win in order to
end the tournament with a decent place.} 13. O-O Na5 14. Nxa5 (14. Be2 {
I was more worried about this move, but Black should be totally fine after} Rc8
15. Nd2 Bc7 $11) 14... Bxa5 15. Rc1 $6 {This move doesn't exactly set Black
any problems and passes over the initiative.} (15. Be5 Rc8 16. Bxf6 (16. Be2
Bc6 $11) 16... Qxf6 17. Qxd7 Bxc3 18. bxc3 Rxc4 $11) (15. Bd6 {it is important
to provoke Black's rook to e8 to set some problems.} Re8 16. Be5 Bxc3 (16...
Bc6 17. b4 Bc7 18. Qxd8 Bxd8 19. b5 $36) (16... Rc8 17. Bxf6 Qxf6 18. Qxd7 {
[%csl Re8] the point of provoking ...Re8.}) 17. Bxc3 Rc8 18. Bxf6 (18. Ba2 Ne4
19. Be5 Bb5 $11) 18... gxf6 {is just equal anyway, but Bd6 was probably
White's most promising try.}) 15... Rc8 16. Qe2 Bxc3 17. Rxc3 Ne4 18. Rcc1 Nxg3
19. hxg3 {After a lot of exchanges the position looks very dull. It should be
completely equal, but White still needs to play a few decent moves.} Qb6 20. b3
$6 {Although this doesn't change the equilibrium, fixing the pawns on light
squares doesn't look right.} (20. Rc3 Rc7 21. Rfc1 Rfc8 22. Qd2 $11 {looked
like the most simple and straightforward way.}) 20... Rc7 21. Rfd1 (21. Rcd1 {
I couldn't find a way to pose White problems if White just moves the rook from
the c-file. The position is too symmetrical for any tricks.}) 21... Rfc8 22.
Qb2 $4 {This move just loses a pawn directly.} (22. Rd4 Bb5 23. Qd3 {just
keeps things equal.}) 22... Ba4 23. Rb1 (23. Be2 Qxb3 24. Qxb3 Bxb3 25. Rd8+
Rxd8 26. Rxc7 Bd5 $17) (23. Bxe6 fxe6 24. Rxc7 Rxc7 25. Rd8+ Kh7 26. Qb1+ g6
27. Qa1 Rg7 $1 $19) 23... Rxc4 24. bxa4 Qxb2 25. Rxb2 R8c7 26. Rb4 Rc3 27. Ra1
b6 {Black has a clear advantage now. One of the a-pawns is doomed to fall, and
White doesn't have a completely smooth pawn structure on the kingside either.}
28. g4 Kf8 29. Kh2 Ke7 30. Kg3 R7c5 {Not allowing any mess with a5. My plan
was to bring the king to the queenside and attack one of the a-pawns with the
rooks. White's pieces are too passive for any counterplay.} 31. Kf3 Rd5 32. Rb5
Rc4 33. Rb4 (33. Rxd5 exd5 34. a5 b5 35. Rb1 a6 $19) 33... Rc3 34. Ra2 (34. Rb5
Kd6 {was my intention.}) 34... Kd6 35. Rf4 f6 36. Rb4 Kc6 37. Re4 Kd6 38. Rb4
Kc6 39. Re4 e5 40. Rb4 Rd4 (40... Rdc5 {is probably cleaner, but during the
game it looked simpler to stop Ke4-f5.}) 41. a5 (41. Ke2 {might've put up a
more stubborn defence, but I don't think it would change the evaluation of the
position by much.} Rdc4 42. Kd2 Rxb4 43. axb4 Rc4 44. b5+ Kc5 45. f3 Kb4 46.
Kd3 e4+ (46... Rc3+ 47. Ke4 Ra3 48. Rc2 Rxa4) 47. fxe4 Rc3+ 48. Ke2 Ra3 49.
Rb2+ Ka5 $19 {[%csl Ga7,Rb5,Gb6][%cal Ga3a4,Ga4b4] would eventually win.})
41... b5 42. Rab2 a6 43. Ke2 Rd5 44. a4 Ra3 45. axb5+ axb5 46. Kf3 Rxa5 {
The rest is pretty easy.} 47. R4b3 Ra4 48. Rc3+ Rc5 49. Rcb3 Ra8 50. Rd2 Rc4
51. Rdb2 Rb8 52. Ra3 b4 53. Ra6+ Rb6 54. Ra8 Rb7 55. Rd8 Kb5 56. Ra8 Rc3 57.
Ke2 b3 58. Rb1 Kb4 59. Rb2 Rc5 60. Kd3 Rd7+ 61. Ke4 Kc3 62. Re2 Rd2 63. Re1
Rxf2 64. Rd8 b2 65. g5 Rc4+ {After an unexpected Round 6 loss with White I
scored 3/3 in the end with a decent shared 2nd place. It was nice to end the
tournament on a positive note and also to break into the top 100 :)} (65... f5#
{was a bit prettier? ;)}) 0-1

[Event "Bonn GSK"]
[Site "Bonn"]
[Date "1994.??.??"]
[Round "8"]
[White "Sieglen, Joachim"]
[Black "Gawehns, Klaus"]
[Result "1-0"]
[WhiteElo "2410"]
[BlackElo "2345"]
[Annotator "Von Gleich,A"]
[PlyCount "57"]
[EventDate "1994.??.??"]
[EventType "tourn"]
[EventRounds "9"]
[EventCountry "GER"]
[EventCategory "12"]
[SourceTitle "CBM 040"]
[Source "ChessBase"]
[SourceDate "1994.06.01"]
[SourceVersion "1"]
[SourceVersionDate "1994.06.01"]
[SourceQuality "1"]

1. d4 Nf6 2. c4 e6 3. Nc3 Bb4 4. g3 c5 5. Nf3 cxd4 6. Nxd4 O-O 7. Bg2 Nc6 8.
O-O Qe7 9. Na4 $1 (9. Nc2 Bxc3 10. bxc3 Rd8 11. Ba3 d6) 9... d5 (9... Nxd4 10.
Qxd4 e5 11. Qd3 d6 12. a3 Ba5 13. b4 Bc7 14. Bg5) (9... Rd8 10. a3 Ba5 11. b4
Nxd4 12. Qxd4 Bc7 13. Bg5 h6 14. Bxf6 Qxf6 15. Qxf6 gxf6 16. Rfd1) 10. Bg5 h6 (
10... Bd7 11. Bxf6 Qxf6 12. Nc2 Rfd8) (10... dxc4 11. Bxc6 (11. Nxc6 bxc6 12.
Bxc6 Rb8 13. Qd4 Ba6 (13... e5 14. Qxc4 Be6 15. Qh4 Rfc8) 14. Bxf6 gxf6) 11...
Rd8 12. a3 e5 13. Bb5 Rxd4 14. Qc2 Ba5) 11. Bxf6 Qxf6 12. Nc2 Rd8 13. cxd5 exd5
14. Nxb4 Nxb4 15. Qb3 Nc6 16. Rfd1 Bg4 17. Qxb7 (17. Rd2 Na5 18. Qc3 Qxc3 19.
Nxc3 d4) 17... Nd4 {[#]} 18. Nc3 Nxe2+ 19. Nxe2 Bxe2 20. Rxd5 Rdb8 21. Qd7 Rd8
(21... Qxb2 22. Re1 Qb1 23. Rxb1 Rxb1+ 24. Bf1 Bxf1 25. Rd1 Bh3 26. Qd3 Bf5 27.
Qd2 Rab8) 22. Qc7 Rac8 23. Rxd8+ Rxd8 24. Re1 Rd2 25. Qxa7 Qxb2 26. Bd5 Bh5 27.
a4 Qb4 28. Re8+ (28. Re7 Rxd5 29. Qa8+ Kh7 30. Qxd5 Qxe7 31. Qxh5 Qe1+ 32. Kg2
Qe4+) 28... Kh7 29. Bxf7 (29. Bxf7 $4 Qb1+ 30. Kg2 Qh1+ (30... Bf3+ 31. Kxf3
Qh1+ 32. Kg4 Qd1+ 33. Kf4 g5+ 34. Ke5 Re2+ 35. Kf6 Qd6+ 36. Be6+) 31. Kxh1 (31.
Kh3 Qf1+ 32. Kh4 g5+ 33. Kxh5 Qh3#) 31... Bf3+ 32. Kg1 Rd1+ 33. Re1 Rxe1#) 1-0